Cargando...
General clauses act
| Autor principal: | |
|---|---|
| Formato: | Printed Book |
| Lenguaje: | English |
| Publicado: |
Bombay
All India Reporter
1981
|
| LEADER | 00467nam a22001457a 4500 | ||
|---|---|---|---|
| 003 | OSt | ||
| 008 | 100409t xxu||||| |||| 00| 0 eng d | ||
| 080 | |a 340.132.6 |b BAK | ||
| 100 | |a Bakshi P M |c BAK |9 20679 | ||
| 245 | |a General clauses act | ||
| 260 | |a Bombay |b All India Reporter |c 1981 | ||
| 300 | |a 904p. | ||
| 942 | |c BK |6 _ | ||
| 999 | |c 193655 |d 193655 | ||
| 952 | |0 0 |1 0 |4 0 |6 3401326_BAK |7 0 |9 249267 |a SLS |b SLS |d 2010-04-09 |l 1 |o 340.132.6 BAK |p SLS014321 |r 2015-04-29 |s 2015-04-24 |w 2010-04-09 |y BK | ||